[Event "Zilina op"]
[Site "Zilina"]
[Date "2013.09.01"]
[Round "6"]
[White "Handzo, Martin"]
[Black "Kerak, Jozef"]
[Result "1/2-1/2"]
[WhiteElo "1701"]
[BlackElo "1673"]
[PlyCount "22"]
[EventDate "2013.08.29"]
[EventType "swiss"]
[EventRounds "7"]
[EventCountry "SVK"]
[SourceTitle "CBM 156 Extra"]
[Source "ChessBase"]
[SourceDate "2013.10.22"]
[SourceVersion "1"]
[SourceVersionDate "2013.10.22"]
[SourceQuality "1"]

1. e4 e5 2. Nf3 Nc6 3. d4 exd4 4. Nxd4 Nxd4 5. Qxd4 b6 6. Bc4 Bb7 7. Nc3 Qf6 8. Qxf6 Nxf6 9. 0-0 Bb4 10. Nd5 Nxd5 11. Bxd5 Bxd5 1/2-1/2

[Event "Zilina op"]
[Site "Zilina"]
[Date "2013.08.31"]
[Round "4"]
[White "Handzo, Martin"]
[Black "Tomanikova, Zuzana"]
[Result "1/2-1/2"]
[WhiteElo "1701"]
[BlackElo "1000"]
[PlyCount "92"]
[EventDate "2013.08.29"]
[EventType "swiss"]
[EventRounds "7"]
[EventCountry "SVK"]
[SourceTitle "CBM 156 Extra"]
[Source "ChessBase"]
[SourceDate "2013.10.22"]
[SourceVersion "1"]
[SourceVersionDate "2013.10.22"]
[SourceQuality "1"]

1. e4 e6 2. d4 d5 3. e5 c5 4. c3 Nc6 5. Ne2 Qb6 6. f4 Bd7 7. b3 cxd4 8. Nxd4 Nxd4 9. Qxd4 Qxd4 10. cxd4 Bb4+ 11. Bd2 Bxd2+ 12. Nxd2 Ne7 13. Bd3 Rc8 14. Ke2 0-0 15. Rac1 Nc6 16. Nf3 Nb4 17. Bb1 Rc6 18. Rxc6 Nxc6 19. Ke3 Rc8 20. Rc1 Ne7 21. Rxc8+ Bxc8 22. g4 g6 23. h4 Kg7 24. Bd3 Bd7 25. Nh2 h5 26. gxh5 Nf5+ 27. Bxf5 gxf5 28. Nf1 Be8 29. Kf3 f6 30. exf6+ Kxf6 31. Ng3 Kg7 32. Kg2 Kh6 33. Kh3 Bb5 34. Nh1 Kxh5 35. Kg3 a5 36. Nf2 Be2 37. Nh3 Kg6 38. a3 b6 39. b4 axb4 40. axb4 Bg4 41. Nf2 Be2 42. Nh1 Kh5 43. Nf2 Kg6 44. Nh3 Bg4 45. Ng5 Kf6 46. Kf2 b5 1/2-1/2

[Event "Zilina op"]
[Site "Zilina"]
[Date "2013.08.31"]
[Round "5"]
[White "Sevcik, Lubomir"]
[Black "Handzo, Martin"]
[Result "1-0"]
[WhiteElo "1784"]
[BlackElo "1701"]
[PlyCount "95"]
[EventDate "2013.08.29"]
[EventType "swiss"]
[EventRounds "7"]
[EventCountry "SVK"]
[SourceTitle "CBM 156 Extra"]
[Source "ChessBase"]
[SourceDate "2013.10.22"]
[SourceVersion "1"]
[SourceVersionDate "2013.10.22"]
[SourceQuality "1"]

1. d4 c5 2. d5 e5 3. e4 d6 4. Nf3 Nf6 5. Bb5+ Bd7 6. Bxd7+ Nbxd7 7. 0-0 Nxe4 8. Re1 f5 9. Nbd2 Nxd2 10. Bxd2 Be7 11. c4 0-0 12. Qc1 h6 13. h3 f4 14. Kh1 Bh4 15. Re2 Bf6 16. Qc2 Rb8 17. Rg1 b5 18. cxb5 Rxb5 19. b3 a5 20. g3 fxg3 21. Rxg3 Bh4 22. Nxh4 Qxh4 23. Qg6 Qf6 24. Bxh6 Qxg6 25. Rxg6 Kh7 26. Rxg7+ Kxh6 27. Rxd7 Rb6 28. Kg2 Rf5 29. Re4 Ra6 30. Rg4 Rf6 31. Rd8 Kh7 32. Rgg8 Rg6+ 33. Rxg6 Kxg6 34. Rg8+ Kf5 35. Rg4 e4 36. Kg3 a4 37. h4 axb3 38. Rg5+ Kf6 39. axb3 Ra3 40. Kf4 Rxb3 41. Rg3 c4 42. Kxe4 Rb4 43. Rc3 Rb2 44. Rf3+ Kg6 45. Kd4 Kh5 46. Rf4 Rb4 47. Kc3 Ra4 48. Rxc4 1-0

[Event "Zilina Region-ch"]
[Site "Zilina"]
[Date "2013.05.19"]
[Round "6"]
[White "Handzo, Martin"]
[Black "Vyletel, Samuel"]
[Result "1-0"]
[WhiteElo "1738"]
[BlackElo "1215"]
[PlyCount "81"]
[EventDate "2013.05.17"]
[EventType "swiss"]
[EventRounds "6"]
[EventCountry "SVK"]
[SourceTitle "CBM 154 Extra"]
[Source "ChessBase"]
[SourceDate "2013.06.25"]
[SourceVersion "2"]
[SourceVersionDate "2013.06.25"]
[SourceQuality "1"]

1. e4 e6 2. d4 d5 3. e5 c5 4. c3 Nc6 5. Nf3 Bd7 6. Be3 c4 7. Be2 Nge7 8. 0-0 Qc7 9. Nh4 0-0-0 10. b3 b5 11. a4 Na5 12. Nd2 a6 13. f4 Nec6 14. axb5 axb5 15. b4 Nb7 16. Bg4 Be7 17. Qe1 Qb6 18. f5 Kc7 19. fxe6 Bxe6 20. Bxe6 fxe6 21. Rf7 g6 22. Ndf3 Rdf8 23. Ng5 Rxf7 24. Nxf7 Rf8 25. Ng5 Bxg5 26. Bxg5 Kb8 27. Nf3 Nbd8 28. Qh4 h5 29. Bf6 Qc7 30. Ng5 Qd7 31. Qh3 Kb7 32. Qg3 Rg8 33. Qf2 Nf7 34. h4 Nxg5 35. hxg5 Ne7 36. Bxe7 Qxe7 37. Qa2 Qe8 38. Qa7+ Kc8 39. Qa8+ Kc7 40. Ra7+ Kb6 41. Qb7# 1-0

[Event "Zilina Region-ch"]
[Site "Zilina"]
[Date "2012.05.05"]
[Round "2"]
[White "Handzo, Martin"]
[Black "Klochan, Peter"]
[Result "1/2-1/2"]
[WhiteElo "1636"]
[BlackElo "1694"]
[PlyCount "24"]
[EventDate "2012.05.04"]
[EventType "swiss"]
[EventRounds "7"]
[EventCountry "SVK"]
[SourceTitle "CBM 148 Extra"]
[Source "ChessBase"]
[SourceDate "2012.06.22"]
[SourceVersion "1"]
[SourceVersionDate "2012.06.22"]
[SourceQuality "1"]

1. e4 c5 2. Nf3 a6 3. Nc3 Nc6 4. d4 cxd4 5. Nxd4 g6 6. Be3 Bg7 7. Bc4 e6 8. a3 Nge7 9. 0-0 0-0 10. f4 e5 11. fxe5 Nxe5 12. Ba2 N7c6 1/2-1/2

[Event "Zilina Region-ch"]
[Site "Zilina"]
[Date "2012.05.05"]
[Round "4"]
[White "Vyvyan, Philippe"]
[Black "Handzo, Martin"]
[Result "1-0"]
[WhiteElo "1759"]
[BlackElo "1636"]
[PlyCount "79"]
[EventDate "2012.05.04"]
[EventType "swiss"]
[EventRounds "7"]
[EventCountry "SVK"]
[SourceTitle "CBM 148 Extra"]
[Source "ChessBase"]
[SourceDate "2012.06.22"]
[SourceVersion "1"]
[SourceVersionDate "2012.06.22"]
[SourceQuality "1"]

1. d4 d5 2. c4 dxc4 3. e4 e6 4. Bxc4 Nf6 5. Nc3 Bb4 6. Qd3 0-0 7. Nf3 Re8 8. e5 Nd5 9. 0-0 h6 10. Bb3 Bxc3 11. bxc3 f5 12. exf6 Qxf6 13. Bc2 Nc6 14. Qh7+ Kf7 15. Bd2 Bd7 16. Rfe1 Rh8 17. Qe4 g5 18. a3 Rag8 19. c4 Nde7 20. Bb3 g4 21. Ne5+ Nxe5 22. Qxe5 Qxe5 23. Rxe5 Nf5 24. Bc3 Rh7 25. Bc2 c6 26. Rae1 Re8 27. d5 cxd5 28. cxd5 Rhh8 29. dxe6+ Bxe6 30. Bxf5 Bxf5 31. Rxf5+ Kg6 32. Rf6+ Kg5 33. Rf7 Rxe1+ 34. Bxe1 Rb8 35. Bd2+ Kg6 36. Rc7 a6 37. Bf4 Re8 38. Kf1 h5 39. Rxb7 Ra8 40. Rb6+ 1-0